|
|
|
|
| LEADER |
01230nam a22003137a 4500 |
| 001 |
35244 |
| 003 |
BD-DhAAL |
| 005 |
20211201132512.0 |
| 008 |
190905t1996 nyua|||| |||| 00| 0 eng d |
| 999 |
|
|
|c 41138
|d 41138
|
| 020 |
|
|
|a 9780028247953
|
| 020 |
|
|
|a 0028247957
|
| 040 |
|
|
|a BD-DhAAL
|
| 082 |
|
|
|a 510
|
| 100 |
|
|
|a Ashlock, Robert B.
|9 34121
|
| 245 |
|
|
|a Mathematics connections :
|b integrated and applied /
|c Robert B Ashlock... [et..al].
|
| 260 |
|
|
|a New York :
|b Glencoe/McGraw-Hill,
|c 1996.
|
| 300 |
|
|
|a 536 pages :
|b color illustrations ;
|c 25 cm.
|
| 526 |
|
|
|a BIED
|
| 541 |
|
|
|a Complimentary copy from BIED
|e 35244
|
| 650 |
|
|
|a Math-Mathematic Connections.
|9 34122
|
| 650 |
|
|
|a Business mathematics
|x Study and teaching (Secondary)
|9 34123
|
| 650 |
|
|
|a Mathematics
|x Study and teaching (Secondary)
|9 34124
|
| 700 |
|
|
|a Hatfield, Marry M.
|9 34125
|
| 700 |
|
|
|a Hausher, Howard L.
|9 34126
|
| 700 |
|
|
|a Stoeckinger, John H.
|9 34127
|
| 852 |
|
|
|a Ayesha Abed Library
|c BIED Collection
|
| 942 |
|
|
|2 ddc
|c BK
|
| 952 |
|
|
|0 0
|1 0
|2 ddc
|4 0
|6 510_000000000000000_ASH
|7 0
|9 66164
|a BRACUL
|b BRACUL
|c GEN
|d 2019-09-05
|e Complimentary copy from BIED
|l 0
|o 510 ASH
|p 3010035244
|r 2019-09-05
|t 1
|w 2019-09-05
|y BK
|x Transferred from BIED to General Stacks
|